WebSphere InterChange Server migration scenarios (Record no. 106571)
[ view plain ]
| 000 -LEADER | |
|---|---|
| fixed length control field | 01442nam a2200373Ia 4500 |
| 082 04 - DEWEY DECIMAL CLASSIFICATION NUMBER | |
| Classification number | 006.7 |
| 245 00 - TITLE STATEMENT | |
| Title | WebSphere InterChange Server migration scenarios |
| 250 ## - EDITION STATEMENT | |
| Edition statement | 1st ed. |
| 260 ## - PUBLICATION, DISTRIBUTION, ETC. (IMPRINT) | |
| Place of publication | White Plains, NY : |
| Name of publisher | IBM, International Technical Support Organization, |
| Year of publication | 2005. |
| 300 ## - PHYSICAL DESCRIPTION | |
| Number of Pages | xvi, 484 p. : |
| Other physical details | ill. |
| 490 1# - SERIES STATEMENT | |
| Series statement | IBM redbooks |
| 500 ## - GENERAL NOTE | |
| General note | "February 2005." |
| General note | "SG24-6475-00." |
| 650 #0 - SUBJECT ADDED ENTRY--TOPICAL TERM | |
| Topical Term | Web site development. |
| 700 1# - ADDED ENTRY--PERSONAL NAME | |
| Personal name | Davies, Saida. |
| 856 40 - ELECTRONIC LOCATION AND ACCESS | |
| Uniform Resource Identifier | http://site.ebrary.com/lib/rucke/Doc?id=10112466 |
No items available.
